[Event "DRUZYNOWE MISTRZOSTWA POLSKI JUNIOROW - II LIGA"]
[Site "Szczyrk, CKiR Orle Gniazdo ul. Wrzosowa 28a"]
[Date "2014-07-30"]
[Round "6.75"]
[White "Koloczek, Maciej"]
[Black "Ulatowski, Jakub"]
[Result "0-1"]
[WhiteTitle "II"]
[BlackTitle "II"]
[WhiteElo "1461"]
[BlackElo "1477"]

1. e4 c5 2. Nf3 d6 3. d4 cxd4 4. Nxd4 Nf6 5. Nc3 g6 6. Be3 Bg7 7. Bc4 O-O 8. f3
Nc6 9. Qd2 Bd7 10. h4 Rc8 11. Nxc6 Bxc6 12. Bb3 h5 13. O-O-O a5 14. Bh6 b5 15.
Bxg7 Kxg7 16. Qe2 Qb6 17. Nd5 Bxd5 18. Bxd5 e6 19. g4 exd5 20. e5 dxe5 21. Qxe5
Qe6 22. Qd4 Rc4 23. Qd2 hxg4 24. h5 Nxh5 25. fxg4 Rxg4 26. Qxa5 Qc6 27. Rh2 Ra8
28. Qe1 Rxa2 29. Qe5+ Qf6 30. Rxd5 Qxe5 31. Rxe5 Rg1+ 32. Kd2 Rxb2 33. Rf2 Nf6
34. Re7 Rg4 35. Kc3 Nd5+ 36. Kxb2 Nxe7 37. Re2 Nc6 38. Rd2 Rd4 39. Re2 g5 40.
c3 Rf4 41. Kc2 g4 42. Rg2 f5 43. Kd3 Rf3+ 44. Ke2 Rxc3 45. Kd2 Rf3 46. Ke2 Nd4+
47. Ke1 g3 48. Kd1 Rf1+ 49. Kd2 Rf2+ 0-1

[Event "DRUZYNOWE MISTRZOSTWA POLSKI JUNIOROW - II LIGA"]
[Site "Szczyrk, CKiR Orle Gniazdo ul. Wrzosowa 28a"]
[Date "2014-07-30"]
[Round "6.76"]
[White "Modlich, Piotr"]
[Black "Gazik, Jakub"]
[Result "1-0"]
[WhiteTitle "II"]
[BlackTitle "II"]
[WhiteElo "1465"]
[BlackElo "1461"]

1. e4 d5 2. exd5 Qxd5 3. Nc3 Qd6 4. Nf3 Nf6 5. g3 a6 6. Bg2 Nc6 7. O-O e6 8. d3
b5 9. Bf4 Qc5 10. Bxc7 Bb7 11. Bf4 Be7 12. Qe2 Nd4 13. Nxd4 Bxg2 14. Kxg2 Qxd4
15. Be5 Qd7 16. Kg1 O-O 17. Ne4 Nxe4 18. dxe4 f6 19. Bf4 e5 20. Be3 Qc6 21. f3
Rac8 22. c3 Rfd8 23. Rad1 Bc5 24. Kg2 Bxe3 25. Qxe3 Rd7 26. Rd2 Rcd8 27. Rfd1
Rd6 28. Rd3 R8d7 29. Rxd6 Rxd6 30. Rxd6 Qxd6 31. Qe2 h6 32. Kf2 Kh7 33. b3 Qc5+
34. Qe3 Qa3 35. Qd2 Qc5+ 36. Kg2 Qa3 37. c4 Kg6 38. Qc2 bxc4 39. bxc4 Qc5 40.
Qa4 a5 41. Qb5 Qa3 42. Qb3 Qc5 43. Qc2 Kh7 44. Qd3 Kg6 45. Kh3 Qg1 46. f4 exf4
47. gxf4 h5 48. Qg3+ Qxg3+ 49. Kxg3 Kf7 50. h4 Ke6 51. Kf3 Kd6 52. Ke3 Kc5 53.
e5 f5 54. a3 a4 55. Kd3 g6 56. Kc3 g5 57. fxg5 f4 58. Kd3 f3 59. Ke3 Kxc4 60.
e6 Kb3 61. e7 Kxa3 62. e8=Q Kb3 63. Qxa4+ Kxa4 64. g6 1-0

[Event "DRUZYNOWE MISTRZOSTWA POLSKI JUNIOROW - II LIGA"]
[Site "Szczyrk, CKiR Orle Gniazdo ul. Wrzosowa 28a"]
[Date "2014-07-30"]
[Round "6.77"]
[White "Kordela, Monika"]
[Black "Hryn, Zofia"]
[Result "0-1"]
[WhiteTitle "II"]
[BlackTitle "II"]
[WhiteElo "1342"]
[BlackElo "1320"]

1. d4 d5 2. c4 c6 3. Nc3 Nf6 4. Nf3 e6 5. Bg5 h6 6. Bh4 Nbd7 7. e3 dxc4 8. Bxc4
Nb6 9. Bd3 Bd6 10. e4 Bc7 11. e5 g5 12. Nxg5 hxg5 13. Bxg5 Qxd4 14. Bxf6 Rg8 15.
Be4 Qxd1+ 16. Rxd1 Nc4 17. b3 Nxe5 18. f4 Ng4 19. Bd4 Bxf4 20. g3 Be5 21. Bxe5
Nxe5 22. Kf2 Bd7 23. Rd2 O-O-O 24. Rhd1 Ng4+ 25. Kf3 f5 26. Bc2 Ne5+ 27. Kf2 c5
28. Ne2 Ng4+ 29. Kg1 Ne3 30. Re1 Bb5 31. Rxd8+ Rxd8 32. Bb1 Bxe2 33. Rxe2 Rd1+
34. Kf2 Ng4+ 35. Kf3 Rxb1 36. Rxe6 Nxh2+ 37. Kf4 Rf1+ 38. Kg5 Nf3+ 39. Kf6 Nd4
40. Re8+ Kd7 41. Re7+ Kc6 42. Re8 Rg1 43. Rc8+ Kb6 44. Rd8 Rxg3 45. Rd6+ Kb5 46.
Rd7 Kc6 47. Rd8 f4 48. Rc8+ Kb6 49. Rf8 f3 50. Ke5 Rg2 51. Ke4 Re2+ 52. Kd3 Rxa2
53. Rf6+ Kb5 54. Rf7 b6 55. Ke3 f2 0-1

[Event "DRUZYNOWE MISTRZOSTWA POLSKI JUNIOROW - II LIGA"]
[Site "Szczyrk, CKiR Orle Gniazdo ul. Wrzosowa 28a"]
[Date "2014-07-30"]
[Round "6.78"]
[White "Hryn, Aleksandra"]
[Black "Adamczyk, Zuzanna"]
[Result "1-0"]
[WhiteTitle "I"]
[BlackTitle "I"]
[WhiteElo "1293"]
[BlackElo "1238"]

1. e4 c5 2. Nf3 e6 3. d4 cxd4 4. Nxd4 Nf6 5. Bd3 Nc6 6. Nf3 d5 7. exd5 exd5 8.
O-O Be7 9. Bf4 O-O 10. Nc3 Be6 11. Re1 Qc8 12. a3 a6 13. Qd2 Qd7 14. h3 Rfe8 15.
Re2 Bd6 16. Bxd6 Qxd6 17. Rae1 Re7 18. Na2 Rae8 19. b4 a5 20. c3 Na7 21. Qb2 axb4
22. axb4 b5 23. Nc1 Nd7 24. Nb3 Nb6 25. Nbd4 Nc4 26. Bxc4 dxc4 27. Nxe6 Rxe6 28.
Nd4 Rxe2 29. Rxe2 Qd7 30. Qa2 Rxe2 31. Qxe2 h6 32. Qe5 Nc6 33. Qxb5 Qe7 34. Nxc6
Qe1+ 35. Kh2 Qxc3 36. Ne7+ Kh8 37. Qe8+ Kh7 38. Ng8 1-0

[Event "DRUZYNOWE MISTRZOSTWA POLSKI JUNIOROW - II LIGA"]
[Site "Szczyrk, CKiR Orle Gniazdo ul. Wrzosowa 28a"]
[Date "2014-07-30"]
[Round "6.79"]
[White "Cieslak, Patrycjusz"]
[Black "Jajte-pachota, Maciej"]
[Result "1-0"]
[WhiteTitle "I"]
[BlackTitle "I"]
[WhiteElo "1824"]
[BlackElo "1916"]

1. e4 d5 2. exd5 Nf6 3. d4 Nxd5 4. c4 Nf6 5. Nc3 e6 6. Bg5 Be7 7. Nf3 h6 8. Bh4
c5 9. Be2 O-O 10. O-O Nc6 11. dxc5 Bxc5 12. a3 Nd4 13. b4 Nxf3+ 14. Bxf3 Qd4 15.
Bxf6 Qxf6 16. Ne4 Bxf2+ 17. Rxf2 Qh4 18. g3 Qe7 19. Qd6 Qe8 20. Nc5 e5 21. Re1
f6 22. Bd5+ Kh8 23. Rxe5 Qxe5 24. Qxe5 fxe5 25. Rxf8+ Kh7 26. Be6 1-0

[Event "DRUZYNOWE MISTRZOSTWA POLSKI JUNIOROW - II LIGA"]
[Site "Szczyrk, CKiR Orle Gniazdo ul. Wrzosowa 28a"]
[Date "2014-07-30"]
[Round "6.80"]
[White "Golda, Sebastian"]
[Black "Kucza, Jan"]
[Result "1/2-1/2"]
[WhiteTitle "I"]
[BlackTitle "II"]
[WhiteElo "1730"]
[BlackElo "1460"]

1. e4 c5 2. Nf3 Nc6 3. d4 cxd4 4. Nxd4 Nf6 5. Nc3 e6 6. Ndb5 Bb4 7. a3 Bxc3+ 8.
Nxc3 d5 9. exd5 exd5 10. Bd3 O-O 11. O-O Bg4 12. f3 d4 13. fxg4 dxc3 14. bxc3
Qa5 15. Bd2 Rad8 16. Qf3 Ne5 17. Qf5 Qc5+ 18. Kh1 Nxd3 19. cxd3 Qxf5 20. gxf5
Rxd3 21. Be1 Ne4 22. Rb1 b6 23. Rf3 Rxf3 24. gxf3 Nd6 25. Rd1 Nxf5 26. Rd7 Ra8
27. Kg2 Ne3+ 28. Kf2 Nc4 29. a4 Nb2 30. a5 Nc4 31. axb6 Nxb6 32. Rb7 g5 33. Bd2
h6 34. Be3 Nd5 35. Bd4 a5 36. Rb2 Rc8 37. Rb3 a4 38. Ra3 f5 39. Ke2 Nf4+ 40. Kd2
Rc4 41. Ra1 Kf7 42. Rb1 a3 43. Rb7+ Kg6 44. Ra7 Kh5 45. Rxa3 Kh4 46. Ra6 h5 47.
Ra5 Ne6 48. Kd3 Nxd4 49. cxd4 Rc1 50. Rxf5 Rd1+ 51. Ke3 Re1+ 52. Kd3 Rd1+ 53.
Kc4 Rc1+ 54. Kb5 g4 55. fxg4 hxg4 56. Rc5 Rd1 57. Kc4 Rc1+ 58. Kd5 Rd1 59. Rc2
Kh3 60. Ke4 Re1+ 61. Kf4 Rd1 62. Rc4 Rd3 63. Ke4 Rd1 64. Rc2 Rh1 65. Kf4 Rd1 66.
Rc4 Rd3 67. Kg5 Rd1 68. Ra4 Rd3 69. Kf4 Rf3+ 70. Kg5 Rd3 1/2-1/2

[Event "DRUZYNOWE MISTRZOSTWA POLSKI JUNIOROW - II LIGA"]
[Site "Szczyrk, CKiR Orle Gniazdo ul. Wrzosowa 28a"]
[Date "2014-07-30"]
[Round "6.81"]
[White "Klementowski, Dawid"]
[Black "Flach, Rajmund"]
[Result "1/2-1/2"]
[WhiteTitle "I"]
[BlackTitle "II"]
[WhiteElo "1659"]
[BlackElo "1353"]

1. e4 c5 2. Nf3 Nc6 3. Bb5 e6 4. O-O Nf6 5. Re1 Be7 6. c3 a6 7. Bxc6 bxc6 8. d4
cxd4 9. cxd4 d5 10. Nc3 Nd7 11. Bf4 Bb7 12. Rc1 Rc8 13. Qb3 Qb6 14. Nd2 O-O 15.
Na4 Qxb3 16. Nxb3 dxe4 17. Nac5 Nxc5 18. Nxc5 Bxc5 19. dxc5 f5 20. Rc3 Rf7 21.
Rd1 h6 22. Rg3 Kh7 23. Rd6 Re8 24. h4 e5 25. Bd2 Ree7 26. Bc3 Rf6 27. Bxe5 Rxe5
28. Rd7 Rg6 29. Rxg6 Kxg6 30. Rxb7 Rxc5 31. Rb6 Rc1+ 32. Kh2 a5 33. Kg3 Kf6 34.
Ra6 Rc5 35. a3 g5 36. b4 axb4 37. axb4 Rc3+ 38. Kh2 Kg7 39. Ra7+ Kg6 40. hxg5
hxg5 41. Rc7 Kf6 42. b5 Ke6 43. bxc6 Kd6 44. Rg7 g4 45. Rg6+ Ke5 46. Kg1 Rc1+
47. Kh2 Kf4 48. Rf6 Ke5 1/2-1/2

[Event "DRUZYNOWE MISTRZOSTWA POLSKI JUNIOROW - II LIGA"]
[Site "Szczyrk, CKiR Orle Gniazdo ul. Wrzosowa 28a"]
[Date "2014-07-30"]
[Round "6.84"]
[White "Furtak, Joanna"]
[Black "Zniszczol, Wiktoria"]
[Result "1-0"]
[WhiteTitle "I"]
[BlackTitle "II"]
[WhiteElo "1425"]
[BlackElo "1028"]

1. e4 e5 2. Nc3 Nf6 3. Bc4 Bc5 4. d3 Nc6 5. Nf3 d6 6. h3 Be6 7. Bxe6 fxe6 8. Na4
Bb6 9. Nxb6 axb6 10. O-O Qe7 11. Re1 O-O 12. c3 Qf7 13. Ng5 Qe7 14. Qb3 d5 15.
exd5 exd5 16. d4 h6 17. Ne4 Kh8 18. Nxf6 Qxf6 19. Be3 Rad8 20. dxe5 Qxe5 21. Bc5
Na5 22. Qd1 Qxe1+ 23. Qxe1 bxc5 24. Qe7 d4 25. Rd1 d3 26. Rxd3 Rde8 27. Qxc7 c4
28. Rd7 Rg8 29. Qxa5 Re2 30. Rd6 Rxb2 31. Qe5 Kh7 32. Qe4+ Kh8 33. Qxc4 b5 34.
Qc6 Kh7 35. Qb6 Rc8 36. Rd7 Rc2 37. Qxb5 R2xc3 38. Qe5 Rc1+ 39. Kh2 Rg8 40. a4
Rc4 41. a5 Ra4 42. Ra7 Kh8 43. a6 Kh7 44. Qb5 Ra2 45. Qb1+ Kh8 46. Qxa2 Kh7 47.
Qxg8+ Kxg8 48. Rb7 Kh7 49. a7 Kg8 50. a8=Q+ Kh7 51. Qa7 Kg6 52. Rxg7+ Kf6 53.
Qf7+ Ke5 54. Rg8 Kd4 55. Qe6 Kc3 56. Qd5 Kb4 57. Qc6 Ka5 58. Qb7 Ka4 59. Ra8#
1-0

[Event "DRUZYNOWE MISTRZOSTWA POLSKI JUNIOROW - II LIGA"]
[Site "Szczyrk, CKiR Orle Gniazdo ul. Wrzosowa 28a"]
[Date "2014-07-30"]
[Round "6.85"]
[White "Niedbala, Wojciech"]
[Black "Kulas, Szymon"]
[Result "1/2-1/2"]
[WhiteTitle "I"]
[BlackTitle "I++"]
[WhiteElo "1851"]
[BlackElo "2005"]

1. e4 c5 2. Nf3 e6 3. d4 cxd4 4. Nxd4 Nc6 5. Nc3 Qc7 6. Be2 a6 7. Be3 Nf6 8. O-O
Bb4 9. f3 Bxc3 10. bxc3 Ne5 11. f4 Qxc3 12. Bf2 Ng6 13. f5 Nf4 14. Bf3 e5 15.
Ne2 Nxe2+ 16. Qxe2 O-O 17. g4 d5 18. g5 Nxe4 19. Bxe4 dxe4 20. f6 Qf3 21. Qxf3
exf3 22. Bc5 Rd8 23. Rxf3 e4 24. Rff1 Rd5 25. Be3 Bg4 26. c4 Rd3 27. Kf2 Ra3 28.
Rfb1 Be6 29. Rxb7 Bxc4 30. Rb4 Bd3 31. h4 a5 32. Rb3 Ra4 33. a3 Rc4 34. Rc1 a4
35. Rbc3 Rxc3 36. Rxc3 Rb8 37. fxg7 Kxg7 38. Bd4+ Kg8 39. Rc6 Rd8 40. Bf6 Rb8
1/2-1/2

[Event "DRUZYNOWE MISTRZOSTWA POLSKI JUNIOROW - II LIGA"]
[Site "Szczyrk, CKiR Orle Gniazdo ul. Wrzosowa 28a"]
[Date "2014-07-30"]
[Round "6.86"]
[White "Nowak, Kamil"]
[Black "Wojciechowski, Antoni"]
[Result "1-0"]
[WhiteTitle "I"]
[BlackTitle "II+"]
[WhiteElo "1845"]
[BlackElo "1529"]

1. e4 e6 2. Nc3 d5 3. Nf3 Nf6 4. e5 Nfd7 5. d4 c5 6. dxc5 Bxc5 7. Bd3 Nc6 8. Bf4
a6 9. O-O O-O 10. Bxh7+ Kh8 11. Ng5 g6 12. Qg4 Ndxe5 13. Qh4 Kg7 14. Rad1 Be7
15. Rfe1 Rh8 16. Nxe6+ fxe6 17. Qh6+ Kf7 18. Bxe5 Nxe5 19. Rxe5 Bf6 20. Qxg6+
Kf8 21. Re3 Qe7 22. Nxd5 Qxh7 23. Qxf6+ Ke8 24. Nc7+ 1-0

[Event "DRUZYNOWE MISTRZOSTWA POLSKI JUNIOROW - II LIGA"]
[Site "Szczyrk, CKiR Orle Gniazdo ul. Wrzosowa 28a"]
[Date "2014-07-30"]
[Round "6.87"]
[White "Andrzejewska, Maja"]
[Black "Lipski, Lukasz"]
[Result "0-1"]
[WhiteTitle "II"]
[BlackTitle "II+"]
[WhiteElo "1134"]
[BlackElo "1595"]

1. e4 c6 2. c4 e6 3. Nc3 d5 4. cxd5 exd5 5. exd5 cxd5 6. d4 Nf6 7. Nf3 Nc6 8. Bb5
Bg4 9. h3 Bh5 10. O-O Be7 11. Qd3 O-O 12. Re1 a6 13. Bxc6 bxc6 14. Ne2 Bg6 15.
Qb3 Qb8 16. Qxb8 Raxb8 17. a3 Rfe8 18. b4 Ne4 19. Bf4 Bd6 20. Ne5 Rbc8 21. Nxg6
hxg6 22. Bxd6 Nxd6 23. Nc3 Nc4 24. a4 Rxe1+ 25. Rxe1 Rb8 26. Rb1 Na3 27. Rb2 Kf8
28. f3 Ke7 29. Kf2 Kd6 30. Ke2 Re8+ 31. Kf2 Rb8 32. Ke2 Ke6 33. Kf2 Kf5 34. g3
g5 35. Kg2 Nc4 36. Rb1 Ne3+ 37. Kf2 Nc2 38. b5 axb5 39. axb5 Nxd4 40. bxc6 Rxb1
41. c7 Rb2+ 42. Ke3 Ne6 43. c8=Q d4+ 44. Kd3 Rb3 45. Qd7 Rxc3+ 46. Ke2 Rc2+ 47.
Kd3 Rh2 48. Qxf7+ Ke5 49. h4 Rh3 50. hxg5 Rxg3 51. g6 Rg5 52. Kc4 Rf5 53. Qd7
Kf6 54. Qf7+ Ke5 55. Qd7 Rf4 56. Qb5+ Kf6 57. Qe8 Rf5 58. Qf7+ Ke5 59. Qd7 Rf4
60. Qb5+ Kf6 61. Qe8 Ke5 62. Qd7 Rf5 63. Qb5+ Kf6 64. Qe8 Rc5+ 65. Kd3 Rf5 66.
Qf7+ Ke5 67. Qe7 Rxf3+ 68. Ke2 Re3+ 69. Kd2 Rg3 70. Qe8 Rg2+ 71. Kd3 Rg5 72. Kd2
Rf5 73. Qe7 Rf6 74. Qe8 Kf5 75. Kd3 Rxg6 76. Qb5+ Kg4 77. Qd7 Rf6 78. Qc8 Rf3+
79. Ke2 Kg3 80. Qb8+ Nf4+ 81. Kd1 g6 82. Qd6 d3 83. Ke1 g5 84. Kd2 g4 85. Ke1
Kg2 86. Qc6 Kg1 87. Kd2 Rf2+ 88. Ke1 g3 89. Qc5 d2+ 90. Kd1 g2 91. Qg5 Kf1 92.
Qd5 Ne2 93. Qg5 Nc3+ 94. Kc2 d1=Q+ 95. Kxc3 Qd2+ 96. Qxd2 Rxd2 97. Kxd2 g1=Q 0-1

[Event "DRUZYNOWE MISTRZOSTWA POLSKI JUNIOROW - II LIGA"]
[Site "Szczyrk, CKiR Orle Gniazdo ul. Wrzosowa 28a"]
[Date "2014-07-30"]
[Round "6.89"]
[White "Jarmuzek, Karolina"]
[Black "Dwilewicz, Agata"]
[Result "1-0"]
[WhiteTitle "I+"]
[BlackTitle "I"]
[WhiteElo "1742"]
[BlackElo "1540"]

1. e4 c5 2. Nf3 e6 3. d4 cxd4 4. Nxd4 Nc6 5. Nc3 Qc7 6. Be2 a6 7. O-O Nf6 8. Kh1
Bb4 9. Nxc6 bxc6 10. f4 d5 11. e5 Nd7 12. Bd3 Nc5 13. a3 Nxd3 14. Qxd3 Be7 15.
Qg3 O-O 16. Bd2 Bb7 17. f5 f6 18. Bh6 Bc5 19. Bf4 exf5 20. exf6 Qd7 21. Be5 g6
22. Ne2 Qf7 23. Rxf5 Kh8 24. Rg5 Rg8 25. Nf4 Rae8 26. Re1 Bc8 27. Qh4 Bf5 28.
b4 Rxe5 29. Rxe5 Qxf6 30. Re1 Be7 31. Rxe7 Qxe7 32. Nd3 Rf8 33. h3 Be4 34. Qg3
Bf5 35. Nc5 Qf6 36. Qe3 d4 37. Qd2 Qd6 38. Qe1 Qf6 39. Rg3 Qd6 40. Rf3 a5 41.
Qf1 Re8 42. Qc4 d3 43. Nxd3 Bxd3 44. Qc3+ Kg8 45. Rxd3 Qe6 46. bxa5 Rf8 47. Qb3
Qxb3 48. cxb3 Ra8 49. b4 Kf7 50. Rc3 Ra6 51. Rc5 Ke7 52. g4 Kd6 53. Kg2 Ra8 54.
Kg3 Ra7 55. h4 Kd7 56. Kf4 Kd6 57. Kg5 Kd7 58. h5 gxh5 59. Kxh5 Kd6 60. Kh6 Rc7
61. a6 Ra7 62. Ra5 Ke6 63. a4 Kd6 64. b5 1-0

[Event "DRUZYNOWE MISTRZOSTWA POLSKI JUNIOROW - II LIGA"]
[Site "Szczyrk, CKiR Orle Gniazdo ul. Wrzosowa 28a"]
[Date "2014-07-30"]
[Round "6.91"]
[White "Janulek, Dawid"]
[Black "Szczecina, Kamil"]
[Result "1-0"]
[WhiteTitle "I"]
[BlackTitle "I"]
[WhiteElo "1878"]
[BlackElo "1889"]

1. e4 c5 2. Nf3 e6 3. d4 cxd4 4. Nxd4 a6 5. Nc3 Qc7 6. Bd3 Nf6 7. O-O Be7 8. Be3
O-O 9. f4 d6 10. Qf3 Nbd7 11. g4 d5 12. exd5 Nxd5 13. Nxd5 exd5 14. g5 Nc5 15.
f5 Qe5 16. Ne2 Ne4 17. h4 Bd6 18. Bf4 Qxf5 19. Bxd6 Qxf3 20. Rxf3 Nxd6 21. Nf4
Nf5 22. Nxd5 Nxh4 23. Rf4 Be6 24. Rxh4 1-0

[Event "DRUZYNOWE MISTRZOSTWA POLSKI JUNIOROW - II LIGA"]
[Site "Szczyrk, CKiR Orle Gniazdo ul. Wrzosowa 28a"]
[Date "2014-07-30"]
[Round "6.92"]
[White "Stemplewski, Kamil"]
[Black "Piela, Dominik"]
[Result "1-0"]
[WhiteTitle "II"]
[BlackTitle "II+"]
[WhiteElo "1535"]
[BlackElo "1565"]

1. e4 e6 2. d4 b6 3. Nf3 Bb7 4. Bd3 c5 5. c3 cxd4 6. cxd4 Nf6 7. Qe2 Nc6 8. Nc3
Bb4 9. O-O Bxc3 10. bxc3 O-O 11. Bg5 Ne7 12. e5 Ne8 13. Nh4 f6 14. Qh5 h6 15.
Bc1 f5 16. Ng6 Rf7 17. Bg5 Nf6 18. Nxe7+ Qxe7 19. exf6 gxf6 20. Bd2 Qd6 21. f3
f4 22. Qg4+ Rg7 23. Qxf4 Qe7 24. Rae1 Qf7 25. c4 f5 26. Bc2 Qg6 27. g3 Kh7 28.
d5 Qf7 29. dxe6 dxe6 30. Rxe6 Qxe6 31. Bxf5+ Qxf5 32. Qxf5+ Kg8 33. Bxh6 Rh7 34.
Qe6+ Kh8 35. Bf4 1-0

[Event "DRUZYNOWE MISTRZOSTWA POLSKI JUNIOROW - II LIGA"]
[Site "Szczyrk, CKiR Orle Gniazdo ul. Wrzosowa 28a"]
[Date "2014-07-30"]
[Round "6.94"]
[White "Kulak, Tomasz"]
[Black "Kowalczyk, Fryderyk"]
[Result "0-1"]
[WhiteTitle "II"]
[BlackTitle "III"]
[WhiteElo "1299"]
[BlackElo "1254"]

1. e4 c5 2. Nf3 Nc6 3. d4 cxd4 4. Nxd4 Nf6 5. Nc3 e5 6. Nf3 Bb4 7. Bd3 Bxc3+ 8.
bxc3 d6 9. O-O O-O 10. h3 h6 11. Re1 Be6 12. a4 a6 13. Ba3 Qc7 14. Bf1 Rfd8 15.
Qd2 Rd7 16. Qe3 Na5 17. Nd2 Rc8 18. Bb4 Nc6 19. Bd3 Rcd8 20. Rac1 Ne7 21. Nb3
Nc6 22. Red1 Kf8 23. Rd2 Nxb4 24. cxb4 Bxb3 0-1

[Event "DRUZYNOWE MISTRZOSTWA POLSKI JUNIOROW - II LIGA"]
[Site "Szczyrk, CKiR Orle Gniazdo ul. Wrzosowa 28a"]
[Date "2014-07-30"]
[Round "6.95"]
[White "Kaszok, Weronika"]
[Black "Kotula, Magdalena"]
[Result "1-0"]
[WhiteTitle "II"]
[BlackTitle "I+"]
[WhiteElo "1365"]
[BlackElo "1613"]

1. e4 c5 2. Nf3 Nc6 3. d4 cxd4 4. Nxd4 Nf6 5. Nc3 e5 6. Nde2 Bb4 7. a3 Ba5 8. b4
Bb6 9. Ng3 d6 10. Be2 O-O 11. O-O Nd4 12. Bg5 Qc7 13. Qd2 Nxe2+ 14. Ngxe2 Be6
15. Bxf6 gxf6 16. Qh6 Qe7 17. Ng3 Kh8 18. Nd5 Bxd5 19. Nf5 1-0

[Event "DRUZYNOWE MISTRZOSTWA POLSKI JUNIOROW - II LIGA"]
[Site "Szczyrk, CKiR Orle Gniazdo ul. Wrzosowa 28a"]
[Date "2014-07-30"]
[Round "6.96"]
[White "Gredka, Dominika"]
[Black "Orlik, Sandra"]
[Result "1-0"]
[WhiteTitle "I"]
[BlackTitle "II"]
[WhiteElo "1491"]
[BlackElo "1288"]

1. e4 c5 2. Nf3 a6 3. d4 cxd4 4. Nxd4 e6 5. Be3 Nf6 6. Nc3 Qc7 7. Be2 Bb4 8. O-O
Bxc3 9. bxc3 Nxe4 10. c4 Nc3 11. Qd2 Nxe2+ 12. Qxe2 O-O 13. f4 f5 14. Rf3 Nc6
15. Nxc6 Qxc6 16. Rg3 b5 17. Bd4 g6 18. Qe5 Kf7 19. Qg7+ Ke8 20. cxb5 axb5 21.
Qxh7 Qd5 22. Qxg6+ Kd8 23. Bb6+ Ke7 24. Qg5+ Kf7 25. Qh5+ Ke7 26. Rg7+ Kd6 27.
Rd1 Qxd1+ 28. Qxd1+ Kc6 29. Qd4 Kb7 30. Qc5 Rh8 31. Qc7+ Ka6 32. Rg3 b4 33. Bd4
1-0

[Event "DRUZYNOWE MISTRZOSTWA POLSKI JUNIOROW - II LIGA"]
[Site "Szczyrk, CKiR Orle Gniazdo ul. Wrzosowa 28a"]
[Date "2014-07-30"]
[Round "6.97"]
[White "Krasinski, Mateusz"]
[Black "Koitka, Jakub"]
[Result "0-1"]
[WhiteTitle "II+"]
[BlackTitle "I+"]
[WhiteElo "1657"]
[BlackElo "1994"]

1. e4 c5 2. Nf3 Nc6 3. d4 cxd4 4. Nxd4 Nf6 5. Nc3 d6 6. Bb5 Bd7 7. Nxc6 bxc6 8.
Bd3 g6 9. O-O Bg7 10. Bd2 O-O 11. Rb1 d5 12. Re1 Be6 13. h3 Rb8 14. e5 Nd7 15.
f4 Nc5 16. g4 f6 17. exf6 Bxf6 18. f5 Nxd3 19. Rxe6 Nxb2 20. Qe1 Nc4 21. Rxb8
Qxb8 22. Bh6 Rf7 23. Ne2 Ne5 24. Qg3 gxf5 25. gxf5+ Kh8 26. Kf2 Qb4 27. Kf1 Qe4
28. Qb3 Qxf5+ 29. Nf4 Bg7 30. Qb8+ Bf8 31. Rxe5 Qxh3+ 32. Ke1 Qxh6 33. Qb2 Bg7
34. Qb8+ Rf8 0-1

[Event "DRUZYNOWE MISTRZOSTWA POLSKI JUNIOROW - II LIGA"]
[Site "Szczyrk, CKiR Orle Gniazdo ul. Wrzosowa 28a"]
[Date "2014-07-30"]
[Round "6.98"]
[White "Witczak, Jakub"]
[Black "Pajdzik, Kamil"]
[Result "1-0"]
[WhiteTitle "I"]
[BlackTitle "II"]
[WhiteElo "1828"]
[BlackElo "1525"]

1. e4 c5 2. Nf3 Nc6 3. Bb5 d6 4. O-O Bd7 5. c3 g6 6. d4 cxd4 7. cxd4 Bg7 8. Nc3
a6 9. Ba4 Nf6 10. Re1 O-O 11. h3 b5 12. Bc2 Rc8 13. Be3 Qc7 14. Rc1 Qb7 15. e5
Ne8 16. Bf4 Nb4 17. Bb3 Bf5 18. Re3 dxe5 19. Nxe5 Nf6 20. Bg5 h6 21. Bxf6 Bxf6
22. g4 Bd7 23. Nxg6 Rfe8 24. a3 Nc6 25. Qf3 Qa7 26. Ne5 Rf8 27. Qe4 Nxe5 28. dxe5
Bc6 29. Qg6+ Bg7 30. Qd3 Rfd8 31. Qe2 Rd4 32. e6 Rcd8 33. exf7+ Kf8 34. Qc2 e5
35. Qh7 Ke7 36. Qxg7 1-0

[Event "DRUZYNOWE MISTRZOSTWA POLSKI JUNIOROW - II LIGA"]
[Site "Szczyrk, CKiR Orle Gniazdo ul. Wrzosowa 28a"]
[Date "2014-07-30"]
[Round "6.99"]
[White "Brozyna, Mateusz"]
[Black "Koziorowicz, Michal"]
[Result "0-1"]
[WhiteTitle "II"]
[BlackTitle "II"]
[WhiteElo "1471"]
[BlackElo "1406"]

1. e4 c5 2. d4 cxd4 3. c3 dxc3 4. Nxc3 d6 5. Nf3 Nc6 6. Bc4 Nf6 7. O-O e6 8. Qe2
Qc7 9. Rd1 a6 10. Bf4 e5 11. Bg5 Be7 12. Bxf6 Bxf6 13. Nd5 Qd8 14. b4 Bg4 15.
Ne3 Bxf3 16. Qxf3 Nd4 17. Qg4 O-O 18. Nf5 Nxf5 19. exf5 Qb6 20. Rd3 e4 21. Rdd1
Bxa1 22. Rxa1 Qd4 23. Rc1 Rac8 24. f6 g6 25. Bxf7+ Kxf7 26. Qd7+ Kxf6 27. Rf1
Qe5 28. Qxb7 Rb8 29. Qd7 Rfd8 30. Qxh7 Rh8 0-1

[Event "DRUZYNOWE MISTRZOSTWA POLSKI JUNIOROW - II LIGA"]
[Site "Szczyrk, CKiR Orle Gniazdo ul. Wrzosowa 28a"]
[Date "2014-07-30"]
[Round "6.101"]
[White "Jarocka, Liwia"]
[Black "Kaniowska, Anna"]
[Result "1-0"]
[WhiteTitle "I"]
[BlackTitle "II+"]
[WhiteElo "1325"]
[BlackElo "1363"]

1. e4 e5 2. Nf3 Nc6 3. Bb5 a6 4. Ba4 Nf6 5. O-O Be7 6. Re1 b5 7. Bb3 d6 8. c3 O-O
9. h3 Nb8 10. d4 Nbd7 11. Nbd2 Bb7 12. Bc2 Re8 13. Nf1 Bf8 14. Ng3 g6 15. Bg5
h6 16. dxe5 dxe5 17. Be3 Nc5 18. Bxc5 Bxc5 19. Qe2 Qe7 20. Rad1 Rad8 21. c4 Bc6
22. Bd3 Rb8 23. Nd2 Red8 24. Nb3 Bd6 25. Rc1 Qe8 26. Qf3 Kg7 27. Re3 Bf8 28. c5
Nd7 29. Qg4 Nf6 30. Qf3 Qe6 31. h4 Ng4 32. Ree1 h5 33. Be2 Rd7 34. Qc3 Nf6 35.
Nd2 Rbd8 36. Nf3 Qe7 37. Ng5 Nh7 38. Nf3 Nf6 39. Ng5 Rd4 40. Qf3 Rd2 41. Qc3 R2d4
42. Qf3 Nh7 43. Qe3 Nxg5 44. hxg5 Qe6 45. f4 exf4 46. Qxf4 R8d7 47. Bxh5 gxh5
48. Nxh5+ Kg6 49. Qh4 Qe5 50. Rf1 Be7 51. Nf6 Bxf6 52. Qh6# 1-0

[Event "DRUZYNOWE MISTRZOSTWA POLSKI JUNIOROW - II LIGA"]
[Site "Szczyrk, CKiR Orle Gniazdo ul. Wrzosowa 28a"]
[Date "2014-07-30"]
[Round "6.103"]
[White "Drabek, Jan"]
[Black "Kokoszczynski, Jan"]
[Result "0-1"]
[WhiteTitle "I"]
[BlackTitle "I"]
[WhiteElo "1632"]
[BlackElo "1753"]

1. e4 e6 2. d4 d5 3. Nc3 Bb4 4. e5 c5 5. a3 Bxc3+ 6. bxc3 Qa5 7. Bd2 Qa4 8. Nf3
c4 9. Be2 Nc6 10. O-O Bd7 11. Rb1 O-O-O 12. Ng5 Rf8 13. f4 Nge7 14. Qc1 f6 15.
Nf3 h6 16. Qb2 b6 17. Nh4 Be8 18. Rbe1 fxe5 19. dxe5 Ng6 20. Nxg6 Bxg6 21. Bg4
Nd8 22. Rc1 h5 23. Bf3 Nb7 24. Be3 Nd8 25. Rf2 Bf5 26. Rb1 Nc6 27. Bc5 Rf7 28.
Bd6 Nd8 29. Qc1 Nb7 30. Bb4 Rd7 31. h3 h4 32. Bg4 g6 33. Bxf5 gxf5 34. Qe3 Rg7
35. Kh2 Qb5 36. Ra1 Nc5 37. Bxc5 Qxc5 38. Qd4 Rg3 39. a4 Rxc3 40. Qd2 Ra3 41.
Rff1 Rg8 42. Rxa3 Qxa3 43. Rf3 Qxa4 44. c3 Qa1 45. Qf2 Rh8 46. Qd4 Qe1 47. Rf2
Rg8 48. Ra2 Kb7 49. Rb2 Kc7 50. Rd2 Qg3+ 51. Kh1 Qe1+ 52. Kh2 Kb8 53. Rb2 Ka8
54. Ra2 Qg3+ 55. Kh1 Qe1+ 56. Kh2 Kb8 57. Rb2 Kc7 58. Ra2 Kb7 59. Rb2 Qc1 60.
Qf2 Rg3 61. Rc2 Qe3 62. Qf1 Qe4 63. Qf2 Qe3 64. Qf1 a5 65. Kh1 Qe4 66. Qe2 Rxh3+
67. Kg1 Rg3 68. Rb2 Qe3+ 69. Qxe3 Rxe3 70. Rc2 Re4 71. Rf2 Re1+ 72. Kh2 Re3 73.
Rc2 b5 74. Kg1 Re4 75. Rf2 Re1+ 76. Kh2 Re3 77. Rc2 b4 78. cxb4 axb4 79. Rb2 b3
80. Kg1 Rc3 81. Kf1 Rc1+ 82. Ke2 Rc2+ 83. Rxc2 bxc2 84. Kd2 d4 85. Kxc2 Kc6 86.
Kd2 Kd5 87. Ke2 Ke4 88. g3 hxg3 89. Kf1 Kf3 90. Kg1 g2 91. Kh2 Kf2 92. Kh3 g1=Q
93. Kh4 Qg4# 0-1

[Event "DRUZYNOWE MISTRZOSTWA POLSKI JUNIOROW - II LIGA"]
[Site "Szczyrk, CKiR Orle Gniazdo ul. Wrzosowa 28a"]
[Date "2014-07-30"]
[Round "6.104"]
[White "Piotrowicz, Jakub"]
[Black "Mrozowski, Patryk"]
[Result "0-1"]
[WhiteTitle "II"]
[BlackTitle "I"]
[WhiteElo "1388"]
[BlackElo "1795"]

1. e4 c5 2. d4 cxd4 3. c3 Nf6 4. e5 Nd5 5. cxd4 e6 6. Bc4 Nb6 7. Nd2 d5 8. Bb5+
N6d7 9. Ngf3 a6 10. Bd3 Be7 11. Qc2 Nf8 12. Nb3 Nc6 13. a3 h6 14. Nc5 Qc7 15.
Be3 Nd7 16. b4 b6 17. Nb3 Bb7 18. O-O Rc8 19. Rfc1 Qd8 20. Qe2 b5 21. Nc5 Nxc5
22. bxc5 Na5 23. Rcb1 Nc4 24. a4 Bc6 25. Nd2 O-O 26. axb5 axb5 27. Ra7 Rc7 28.
Ra6 f5 29. Bxc4 dxc4 30. f4 Qd7 31. Rba1 Rb8 32. Nf3 Qd5 33. Rb1 b4 34. Bd2 Rcb7
35. Qe1 c3 36. Bxc3 bxc3 37. Rxb7 Rxb7 38. Qxc3 Qe4 39. Qd2 Rd7 40. Kf2 Bxc5 41.
Qc3 Bb7 42. Ra4 Be7 43. g3 Qc6 44. Qb3 Rc7 45. Ra7 Kf7 46. h4 Qc2+ 47. Qxc2 Rxc2+
48. Nd2 Rxd2+ 49. Ke3 0-1